| 000 | 00360 a2200157 4500 | ||
|---|---|---|---|
| 001 | 190541 | ||
| 020 | _a0-7460-6333-4 | ||
| 040 | _cMagnum | ||
| 100 | _aShakespeare, William | ||
| 240 | 1 | 0 |
_aA midsummer night´s dream _lING |
| 245 | 1 | 0 | _aA midsummer night´s dream |
| 300 | _a62 | ||
| 362 | 0 | _a2005 | |
| 697 | _aLITERATURA INFANTIL INGLESA | ||
| 942 | _cBK | ||
| 999 |
_c190541 _d190541 |
||